00976nam a2200229Ia 4500003000400000005001700004008004100021020001800062040002100080041000800101082001400109100003900123245013300162250002200295260003600317300005400353490002600407500004200433520020700475650002200682700004200704OSt20200810101940.0191128t2005 ck a br 000 f spa d a9789587045277 aCO-JMCRcCO-JMCR aspa04aP /bANDh1 aAndricaín, Sergio, eselección12a¡Hola!, que me lleva la ola : brimas, juegos y versos / cselección Sergio Andricaín ; ilustraciones Ana María Londoño aPrimera edición aBogotá : bAlfaguara,c©2005 a87 páginas : bilustraciones a color ; c24 cm.0 aNidos para la lectura aRecomendado para niños de 4 años. aPara el niño que se concentra durante esta etapa en aprender las conversaciones de la lengua escrita, compartir la poesía con los adultos cercanos es una experiencia entrañable y llena de sentido.04aPoesía infantil aLondoño, Ana María, eilustradora